| 000 | 00337nam a2200097Ia 4500 | ||
|---|---|---|---|
| 082 | _a170.96 RUKU | ||
| 245 | 0 | _aBeing Afrikan : rediscovering the traditional unhu-ubuntu-botho pathways of being human | |
| 100 |
_a Rukuni, Mandivamba Arcadia, South Africa, 2007 _967649 |
||
| 942 | _cBK | ||
| 008 | 210817s9999 xx 000 0 und d | ||
| 999 |
_c218217 _d218216 |
||